<?xml version="1.0" encoding="UTF-8"?>
<marc:record xmlns:marc="http://www.loc.gov/MARC21/slim">
   <marc:leader>00000nam a2200000 a 4500</marc:leader>
   <marc:datafield ind1="1" ind2=" " tag="100">
      <marc:subfield code="a">Thanner, Alex</marc:subfield>
      <marc:subfield code="4">aut</marc:subfield>
      <marc:subfield code="e">Verfasser/-in</marc:subfield>
   </marc:datafield>
   <marc:datafield ind1="0" ind2="0" tag="245">
      <marc:subfield code="a">Weihnachten mit Mama</marc:subfield>
   </marc:datafield>
   <marc:datafield ind1="0" ind2="0" tag="245">
      <marc:subfield code="b">Roman</marc:subfield>
   </marc:datafield>
   <marc:datafield ind1="0" ind2="0" tag="245">
      <marc:subfield code="c">Alex Thanner</marc:subfield>
   </marc:datafield>
   <marc:datafield ind1=" " ind2="1" tag="264">
      <marc:subfield code="a">München</marc:subfield>
      <marc:subfield code="b">Blanvalet</marc:subfield>
      <marc:subfield code="c">2012</marc:subfield>
   </marc:datafield>
   <marc:datafield ind1=" " ind2=" " tag="250">
      <marc:subfield code="a">Orig.-Ausg., 1. Aufl.</marc:subfield>
   </marc:datafield>
   <marc:datafield ind1="1" ind2=" " tag="520">
      <marc:subfield code="a">Angaben aus der Verlagsmeldung

Weihnachten mit Mama : Roman / von Alex Thanner

Alle Jahre wieder: Terror unterm Tannenbaum

Weihnachten steht vor der Tür. Doch diesmal ist für Johannes Siebenschön alles anders. Seine Mutter hat beschlossen, dass sie zum Fest der Liebe alle ihre Lieben um sich haben will. Doch wenige Tage vor Heiligabend erreicht Johannes ein panischer Anruf seines Vaters: »Hilfe, deine Mutter dreht durch, du musst sofort kommen!« Der pflichtbewusste Sohn macht sich umgehend auf den Weg nach München und stolpert mitten hinein in die Krisen und Katastrophen von Mama Siebenschöns Festvorbereitungen ...

Die lustigste und ungewöhnlichste Liebeserklärung an Mama.

</marc:subfield>
   </marc:datafield>
   <marc:datafield ind1=" " ind2=" " tag="020">
      <marc:subfield code="a">9783764504472</marc:subfield>
      <marc:subfield code="9">9783764504472</marc:subfield>
   </marc:datafield>
   <marc:datafield ind1=" " ind2=" " tag="020">
      <marc:subfield code="a">3764504471</marc:subfield>
      <marc:subfield code="9">3764504471</marc:subfield>
   </marc:datafield>
   <marc:datafield ind1=" " ind2=" " tag="300">
      <marc:subfield code="a">287 S.</marc:subfield>
   </marc:datafield>
</marc:record>
